15 Największych miast w Województwie Pomorskim - Statystyki

Ogólne statystyki
  • Ten quiz został rozwiązany 47 razy
  • Średni wynik to 13 z 15
Statystyki odpowiedzi
Miejsce Ludność Miasto % Poprawnych
1. 486 345 (p.p) Gdańsk
100%
2. 242 874 (p.p) Gdynia
100%
12. 32 276 (p.p) Sopot
98%
3. 86 365 (p.p) Słupsk
90%
10. 37 050 Malbork
88%
7. 45 626 Starogard Gdański
88%
4. 57 394 Tczew
88%
5. 52 634 Rumia
85%
6. 46 446 Wejherowo
85%
8. 38 934 Chojnice
83%
14. 28 506 Reda
80%
15. 23 406 Kościerzyna
78%
9. 37 145 Kwidzyn
73%
11. 34 157 Lębork
70%
13. 32 031 Pruszcz Gdański
65%
Nie znaleziono quizów pasujących do podanych kryteriów
Rozkład punktacji
Procent ludzi z każdym wynikiem
Percentyl według liczby udzielonych odpowiedzi
Twoja historia wyników
Nie rozwiązałeś tego quizu